| 000 | 00575nas a2200181 i 4500 | ||
|---|---|---|---|
| 001 | 173655 | ||
| 003 | ES-MaACL | ||
| 005 | 20250217134856.0 | ||
| 008 | 091223d19141917sp | | ||pa d | ||
| 245 | 0 | 0 | _aBoletín de Información para España y América del Sur. |
| 260 |
_aMadrid : _b[s.n.], _c1914-1917 ( _fP. Orrier) |
||
| 300 |
_a7, 43, 31 p. : _bil. ; _c21 cm. |
||
| 362 | 0 | _aAño I, nº 1 (dic. 1914)- nº52 (nov. 1917) | |
| 650 | 0 | 4 |
_aGuerra mundial, 1914-1918. _913212 |
| 852 |
_aES-MaACL _jT-1464-F-4 |
||
| 866 | 0 | _o(nº 7-9 de 1915) | |
| 999 |
_c173655 _d173655 |
||